000 00982nam a22003137a 4500
001 BR2012003131
003 BR-BrBNA
005 20230928103952.0
007 ta
008 230509b bl.||||| |||| 00| 0 por d
040 _aBR-BrBNA
_bpor
_cBiblioteca Nacional de Agricultura
041 _a(Por)
072 _aL10
_b6510
090 _ 6510 BR2012003131
100 1 _aFelipe, V.P.S.
110 1 _aUniversidade Federal de Minas Gerais, Belo Horizonte (Brasil). Escola de Veterinária
_0Tese (Mestre em Zootecnia)
245 1 _aEstudo da interação genótipo-ambiente em codornas de corte
260 3 _aBelo Horizonte, MG (Brasil):
_c2010.
300 _a58 p.
500 _aSummaries (Eng, Por); Several bibliography; ; 20 tables; 9 illus.
650 _aCODORNA
650 _aINTERAÇÃO
650 _aGENÉTICA
650 _aMODELO MATEMÁTICO
650 _aCONDIÇÃO CORPORAL
650 _aGANHO DE PESO
909 _a202309
_bLucia
_c55
_dLucia Elande
942 _cBK
999 _c77471
_d77471